=LDR 00000nam 2200000 4500 =001 INLIS000000000008209 =005 20130612100118 =008 ***********************************Ind** =035 ##$$0010-061300000008209 =041 ##$$a Ind =082 ##$$a 631.585 =090 ##$$a 631.585, Unt h =100 ##$$a Untung, Omy =245 ##$$a Hidroponik sayuran sistem NFT (natrient film tecniqme), Omy Untung =260 ##$$a 2000 $b Jakarta =300 ##$$a viii, 96 hlm, ilus, 21 cm =650 ##$$a Hidroponik =850 ##$$a NBPNMAT =990 ##$$a 0001/BPAP-NTB/2016